[Event "HUN-chT2 Erkel 0405"]
[Site "Hungary"]
[Date "2005.02.20"]
[Round "8"]
[White "Timar, Zsolt"]
[Black "Nogrady, Vilmos Jr"]
[Result "1-0"]
[WhiteElo "2127"]
[BlackElo "1650"]
[PlyCount "53"]
[EventDate "2004.09.26"]
[EventType "team"]
[EventRounds "11"]
[EventCountry "HUN"]
[SourceTitle "EXT 2009"]
[Source "ChessBase"]
[SourceDate "2008.11.26"]
[SourceVersion "1"]
[SourceVersionDate "2008.11.26"]
[SourceQuality "1"]
[WhiteTeam "Godollo"]
[BlackTeam "Foti"]
[WhiteTeamCountry "HUN"]
[BlackTeamCountry "HUN"]

1. d4 Nf6 2. c4 e6 3. Nf3 d5 4. Nc3 h6 5. Bf4 c5 6. Bxb8 Rxb8 7. cxd5 Nxd5 8. e3 a6 9. Bc4 cxd4 10. Qxd4 Nxc3 11. Qxc3 Qc7 12. Bb5+ Kd8 13. 0-0-0+ Bd6 14. Rxd6+ Qxd6 15. Rd1 Qxd1+ 16. Kxd1 axb5 17. Qxg7 Re8 18. Ne5 Ra8 19. Nxf7+ Ke7 20. Nxh6+ Kd8 21. Qd4+ Bd7 22. Qb6+ Kc8 23. a3 Rd8 24. Ke1 Be8 25. Qxe6+ Kb8 26. Qb6 Rc8 27. Nf5 1-0

[Event "IECG CP.2004.P.00052 email"]
[Site "IECG email"]
[Date "2004.10.01"]
[Round "?"]
[White "Timar, Zsolt"]
[Black "Kleinsorgen, Horst M"]
[Result "0-1"]
[WhiteElo "2195"]
[BlackElo "2130"]
[PlyCount "74"]
[EventDate "2004.10.01"]
[EventType "tourn (corr)"]
[EventRounds "6"]
[SourceTitle "Corr 2011"]
[Source "ChessBase"]
[SourceDate "2010.08.31"]
[SourceVersion "1"]
[SourceVersionDate "2010.08.31"]
[SourceQuality "1"]

1. d4 d5 2. c4 dxc4 3. e4 e5 4. Nf3 exd4 5. Bxc4 Nc6 6. 0-0 Be6 7. Bb5 Bc5 8. Nbd2 Qd6 9. e5 Qd5 10. Ng5 d3 11. Bc4 Qxe5 12. Ndf3 Qe2 13. Qb3 0-0-0 14. Bxe6+ fxe6 15. Bd2 Nd4 16. Qc4 Bb6 17. a4 a5 18. Rae1 h6 19. Rxe2 Nxe2+ 20. Kh1 hxg5 21. Bxg5 Nf6 22. Qxe6+ Kb8 23. Qc4 Rd6 24. g3 Rhd8 25. Kg2 Rd5 26. Rd1 R8d6 27. Bxf6 gxf6 28. h4 Ka7 29. Qg4 f5 30. Qc4 c6 31. h5 Rc5 32. Qf7 Rcd5 33. Ng5 Rd7 34. Qg6 R7d6 35. Qh7 Rd7 36. Qh6 R7d6 37. Qf8 Rd8 0-1

[Event "IECG WC.2006.S.00004 email"]
[Site "IECG email"]
[Date "2004.07.18"]
[Round "?"]
[White "Hartung, Stefan"]
[Black "Timar, Zsolt"]
[Result "1-0"]
[WhiteElo "1927"]
[BlackElo "2211"]
[PlyCount "45"]
[EventDate "2004.07.18"]
[EventType "tourn (corr)"]
[EventRounds "10"]
[SourceTitle "Corr 2008"]
[Source "ChessBase"]
[SourceDate "2008.06.24"]
[SourceVersion "1"]
[SourceVersionDate "2008.06.24"]
[SourceQuality "1"]

1. e4 c5 2. Nf3 d6 3. d4 cxd4 4. Nxd4 Nf6 5. Nc3 a6 6. Bc4 e6 7. Bb3 Nbd7 8. g4 Nc5 9. f3 Nfd7 10. Be3 b5 11. Qd2 Bb7 12. 0-0-0 Rc8 13. Kb1 Ne5 14. h4 Nxb3 15. axb3 b4 16. Na4 h5 17. Qxb4 Rb8 18. Nc3 hxg4 19. f4 Nc6 20. Nxc6 Bxc6 21. Qc4 Qd7 22. Rhg1 Rxh4 23. f5 1-0

[Event "IECG WC.2003.F.00004 email"]
[Site "IECG email"]
[Date "2003.12.20"]
[Round "?"]
[White "Burkett, Max"]
[Black "Timar, Zsolt"]
[Result "0-1"]
[WhiteElo "2182"]
[BlackElo "2201"]
[PlyCount "60"]
[EventDate "2003.12.20"]
[EventType "tourn (corr)"]
[EventRounds "14"]
[SourceTitle "Corr 2008"]
[Source "ChessBase"]
[SourceDate "2008.06.24"]
[SourceVersion "1"]
[SourceVersionDate "2008.06.24"]
[SourceQuality "1"]

1. e4 c5 2. Nf3 d6 3. d4 cxd4 4. Nxd4 Nf6 5. Nc3 a6 6. Be3 e5 7. Nf5 d5 8. Bg5 d4 9. Nb1 Qa5+ 10. Bd2 Qb6 11. b3 Nxe4 12. Qg4 Nxd2 13. Nxd2 Bxf5 14. Qxf5 Nd7 15. Bc4 Qg6 16. Qf3 Bb4 17. Qxb7 Bxd2+ 18. Kxd2 Nb6 19. Rhe1 Qh6+ 20. Kd3 0-0 21. Rxe5 Qd6 22. Qe7 Qg6+ 23. Kd2 Nxc4+ 24. bxc4 Rac8 25. c5 Qxg2 26. Qh4 Qb7 27. Qe4 Qb4+ 28. Ke2 Rxc5 29. Rxc5 Qxc5 30. Re1 Qc4+ 0-1

[Event "IECG WC.2003.F.00004 email"]
[Site "IECG email"]
[Date "2003.12.20"]
[Round "?"]
[White "Fels, Bernhard"]
[Black "Timar, Zsolt"]
[Result "1/2-1/2"]
[WhiteElo "2113"]
[BlackElo "2201"]
[PlyCount "55"]
[EventDate "2003.12.20"]
[EventType "tourn (corr)"]
[EventRounds "14"]
[SourceTitle "Corr 2008"]
[Source "ChessBase"]
[SourceDate "2008.06.24"]
[SourceVersion "1"]
[SourceVersionDate "2008.06.24"]
[SourceQuality "1"]

1. d4 Nf6 2. c4 g6 3. Nc3 Bg7 4. e4 d6 5. h3 0-0 6. Bg5 c5 7. d5 e6 8. Bd3 exd5 9. cxd5 Re8 10. Nf3 c4 11. Bc2 b5 12. a3 Na6 13. 0-0 Nc5 14. Qd4 h6 15. Bxf6 Bxf6 16. Qe3 Bg7 17. Nxb5 Rb8 18. Nxa7 Bb7 19. Nc6 Bxc6 20. dxc6 Qc7 21. Rab1 Qxc6 22. e5 Nd7 23. e6 Rxe6 24. Nd4 Bxd4 25. Qxd4 Qc5 26. Qf4 d5 27. Qxh6 Reb6 28. Qc1 1/2-1/2

[Event "IECG WC.2003.F.00004 email"]
[Site "IECG email"]
[Date "2003.12.20"]
[Round "?"]
[White "Van Seben, Edgar"]
[Black "Timar, Zsolt"]
[Result "1/2-1/2"]
[WhiteElo "2158"]
[BlackElo "2201"]
[PlyCount "44"]
[EventDate "2003.12.20"]
[EventType "tourn (corr)"]
[EventRounds "14"]
[SourceTitle "Corr 2008"]
[Source "ChessBase"]
[SourceDate "2008.06.24"]
[SourceVersion "1"]
[SourceVersionDate "2008.06.24"]
[SourceQuality "1"]

1. d4 Nf6 2. c4 g6 3. Nc3 Bg7 4. e4 d6 5. f4 0-0 6. Nf3 c5 7. d5 e6 8. Be2 exd5 9. cxd5 Re8 10. e5 dxe5 11. fxe5 Ng4 12. 0-0 Nxe5 13. Bf4 Bf5 14. Nxe5 Bxe5 15. Qd2 Nd7 16. Bxe5 Nxe5 17. Bb5 Rf8 18. d6 a6 19. Rae1 f6 20. Qd5+ Kh8 21. g4 axb5 22. gxf5 gxf5 1/2-1/2

[Event "HUN-chT2 Erkel 0304"]
[Site "Hungary"]
[Date "2003.12.07"]
[Round "5"]
[White "Mester, Attila"]
[Black "Timar, Zsolt"]
[Result "0-1"]
[WhiteElo "1986"]
[BlackElo "2156"]
[PlyCount "62"]
[EventDate "2003.09.28"]
[EventType "team"]
[EventRounds "11"]
[EventCountry "HUN"]
[SourceTitle "EXT 2009"]
[Source "ChessBase"]
[SourceDate "2008.11.26"]
[SourceVersion "1"]
[SourceVersionDate "2008.11.26"]
[SourceQuality "1"]
[WhiteTeam "Penzugyor II"]
[BlackTeam "Godollo"]
[WhiteTeamCountry "HUN"]
[BlackTeamCountry "HUN"]

1. e4 Nf6 2. e5 Nd5 3. d4 d6 4. Nf3 Bg4 5. Be2 e6 6. h3 Bh5 7. 0-0 Be7 8. c4 Nb6 9. Nc3 0-0 10. Be3 d5 11. c5 Bxf3 12. gxf3 Nc8 13. b4 Bh4 14. Kh2 Ne7 15. Rg1 Nf5 16. Qd2 f6 17. f4 fxe5 18. fxe5 Nc6 19. Nd1 Nxe3 20. fxe3 Ne7 21. Bd3 Nf5 22. Rg4 Qe7 23. Qg2 Nxe3 24. Nxe3 Rf2 25. Rg1 Raf8 26. Be2 Rxg2+ 27. R1xg2 Rf2 28. Nd1 Rxg2+ 29. Kxg2 h5 30. Rg6 Qf7 31. Bxh5 Qf5 0-1

[Event "Gyongyos Matra Cup"]
[Site "Gyongyos"]
[Date "2003.07.31"]
[Round "9"]
[White "Timar, Zsolt"]
[Black "Gusakovskaya, Yana"]
[Result "1/2-1/2"]
[WhiteElo "2156"]
[BlackElo "1898"]
[PlyCount "129"]
[EventDate "2003.07.22"]
[EventType "swiss"]
[EventRounds "9"]
[EventCountry "HUN"]
[SourceTitle "EXT 2005"]
[Source "ChessBase"]
[SourceDate "2004.11.15"]
[SourceVersion "1"]
[SourceVersionDate "2004.11.15"]
[SourceQuality "1"]

1. d4 b6 2. c4 Bb7 3. Nf3 f5 4. g3 Nf6 5. Bg2 g6 6. 0-0 Bg7 7. Nc3 Ne4 8. Nxe4 Bxe4 9. Ng5 Bxg2 10. Kxg2 h6 11. Nh3 0-0 12. e4 e6 13. exf5 exf5 14. Nf4 Kh7 15. h4 Nc6 16. Be3 Qe8 17. Re1 Qf7 18. Qd3 Rfe8 19. Rad1 a5 20. a3 Ne7 21. d5 Nc8 22. Bd4 Nd6 23. f3 Bxd4 24. Qxd4 Qg7 25. Rxe8 Rxe8 26. Kf2 a4 27. Qxg7+ Kxg7 28. Rd4 Ra8 29. Nd3 Ra5 30. Ke2 Kf6 31. Kd2 Nb7 32. Kc3 Nc5 33. Nxc5 bxc5 34. Rd3 Ra8 35. d6 c6 36. Re3 Rb8 37. Kc2 Rb7 38. g4 fxg4 39. fxg4 h5 40. gxh5 gxh5 41. Re7 Kf5 42. Rg7 Ke5 43. Rg5+ Kxd6 44. Rxh5 Rb3 45. Rh8 Rh3 46. h5 Ke5 47. h6 Kd4 48. Rd8 Rh2+ 49. Kb1 Kxc4 50. Rxd7 Rxh6 51. Ka2 Rh2 52. Ra7 Kb5 53. Rb7+ Ka6 54. Rb8 c4 55. Rb4 c3 56. Rxa4+ Kb5 57. Rb4+ Kc5 58. Kb1 cxb2 59. Rxb2 Rxb2+ 60. Kxb2 Kc4 61. Kc2 c5 62. a4 Kb4 63. Kd3 Kxa4 64. Kc4 Ka5 65. Kxc5 1/2-1/2

[Event "HUN-chT2 Erkel 0203"]
[Site "Hungary"]
[Date "2003.03.02"]
[Round "8"]
[White "Timar, Zsolt"]
[Black "Prohaszka, Peter1111"]
[Result "1-0"]
[WhiteElo "2158"]
[BlackElo "2138"]
[PlyCount "63"]
[EventDate "2002.09.22"]
[EventType "team"]
[EventRounds "11"]
[EventCountry "HUN"]
[SourceTitle "EXT 2009"]
[Source "ChessBase"]
[SourceDate "2008.11.26"]
[SourceVersion "1"]
[SourceVersionDate "2008.11.26"]
[SourceQuality "1"]

1. d4 d5 2. c4 dxc4 3. e4 e6 4. Bxc4 Nf6 5. Nc3 c6 6. Bg5 Be7 7. Nf3 h6 8. Bxf6 Bxf6 9. 0-0 0-0 10. e5 Be7 11. Ne4 b6 12. Qe2 Bb7 13. Rfd1 Nd7 14. Rac1 b5 15. Bd3 Qb6 16. Qe3 Rfd8 17. Nc5 Nxc5 18. dxc5 Qc7 19. Qe4 g6 20. h4 h5 21. g4 hxg4 22. Qxg4 Rd5 23. Bxg6 fxg6 24. Qxg6+ Kf8 25. Rd4 Rxd4 26. Nxd4 Bc8 27. Rc3 Bf6 28. Qxf6+ Qf7 29. Qd8+ Kg7 30. Rg3+ Kh7 31. Nf3 Qd7 32. Qg8+ 1-0

[Event "IECG WC.2006.P.00015 email"]
[Site "IECG email"]
[Date "2003.01.22"]
[Round "?"]
[White "Dahl, Pierre"]
[Black "Timar, Zsolt"]
[Result "1/2-1/2"]
[WhiteElo "1734"]
[BlackElo "2174"]
[PlyCount "38"]
[EventDate "2003.01.22"]
[EventType "tourn (corr)"]
[EventRounds "10"]
[SourceTitle "Corr 2008"]
[Source "ChessBase"]
[SourceDate "2008.06.24"]
[SourceVersion "1"]
[SourceVersionDate "2008.06.24"]
[SourceQuality "1"]

1. e4 d6 2. d4 g6 3. Nc3 Bg7 4. Be3 a6 5. Qd2 b5 6. a4 b4 7. Nd1 a5 8. c3 Nf6 9. f3 bxc3 10. bxc3 0-0 11. Bd3 c6 12. Ne2 Nbd7 13. g4 c5 14. h4 h5 15. Nf2 Qc7 16. Rg1 Ba6 17. Bh6 Bxd3 18. Bxg7 Kxg7 19. Qxd3 hxg4 1/2-1/2